000 00579nam a2200181Ia 4500
008 100920s9999 xx 000 0 und d
082 _b51857
_a891.43 थ 64
100 _a---
245 _aवाणी - अंजलि.
260 _bसूचना और प्रसारण मन्त्रालय, भारत सरकार.
_c1964
300 _a120
_bसाधी
365 _b1.25
520 _aहिंदी.
630 _aवाणी - अंजलि.
650 _aहिंदी.
730 _aवाणी - अंजलि.
942 _cBOOK
999 _c697488
_d697485